Restoration of boreal and temperate forests

Bibliographic Details
Other Authors: Madsen, Palle, Stanturf, John A.
Format: Book
Published: Boca Raton : CRC Press , 2004.
Series:Integrative studies in water management & land development 3
Subjects:

MARC

LEADER 00000cam a2200000 7i4500
001 0000003490
005 20060403.0
020 0 0 |a 1566706351 
090 0 0 |a 634.956   |b RES 
245 1 0 |a Restoration of boreal and temperate forests   |c edited by John A. Stanturf and Palle Madsen. 
260 0 0 |a Boca Raton :   |b CRC Press ,   |c 2004. 
300 |a xxiv, 569 p. :   |b ill., maps ;   |c 26 cm. 
490 1 0 |a Integrative studies in water management & land development   |v 3 
650 0 0 |a Afforestation. 
650 0 0 |a Forest ecology. 
650 0 0 |a Reforestation. 
650 0 0 |a Restoration ecology. 
700 1 1 |a Madsen, Palle. 
700 1 1 |a Stanturf, John A. 
999 |a 0000006667   |b Monograph   |c Open Shelf   |e Default branch